[Event "Bratto op-B 27th"]
[Site "Bratto"]
[Date "2007.08.28"]
[Round "5"]
[White "Menegollo, Carlo"]
[Black "Cobas Ferrer, Dayamy"]
[Result "1/2-1/2"]
[WhiteElo "1889"]
[BlackElo "1992"]
[PlyCount "121"]
[EventDate "2007.08.24"]
[EventType "swiss"]
[EventRounds "8"]
[EventCountry "ITA"]
[SourceTitle "CBM 120 Extra"]
[Source "ChessBase"]
[SourceDate "2007.11.01"]
[SourceVersion "1"]
[SourceVersionDate "2007.11.01"]
[SourceQuality "1"]

1. e4 e5 2. d4 exd4 3. Qxd4 Nc6 4. Qe3 d6 5. Nc3 Nf6 6. Bd2 Be7 7. f3 Be6 8. 0-0-0 a6 9. g4 d5 10. Nxd5 Nxd5 11. exd5 Qxd5 12. c4 Qc5 13. Qxc5 Bxc5 14. Bf4 0-0 15. Nh3 h6 16. b3 b5 17. Bxc7 bxc4 18. Bxc4 Bxc4 19. bxc4 Nd4 20. Bd6 Bxd6 21. Rxd4 Ba3+ 22. Kc2 Rab8 23. Rb1 Rxb1 24. Kxb1 Rb8+ 25. Kc2 Rb2+ 26. Kd3 Rxa2 27. Rd8+ Kh7 28. Rd5 Rxh2 29. Nf4 Bb4 30. c5 Rf2 31. Ke4 Rc2 32. Nd3 a5 33. Ke5 Rc3 34. Kd6 Bxc5+ 35. Nxc5 Rxf3 36. Rd4 Kg6 37. Nd3 Re3 38. Ne5+ Kg5 39. Nxf7+ Kh4 40. Ra4 Rg3 41. Ne5 h5 42. Ng6+ Kg5 43. gxh5 Kxh5 44. Nf4+ Kg5 45. Ne6+ Kf6 46. Nc5 Rg1 47. Rxa5 Rd1+ 48. Kc6 Kf5 49. Nd3+ Kf6 50. Nf2 Rd4 51. Ra1 g5 52. Kc5 Rf4 53. Nd3 Rf5+ 54. Kd4 g4 55. Ke4 Kg5 56. Rg1 Ra5 57. Ke3 Ra8 58. Kf2 Ra2+ 59. Kf1 Ra1+ 60. Ne1 Ra2 61. Rg2 1/2-1/2

[Event "Bratto op-B 27th"]
[Site "Bratto"]
[Date "2007.08.25"]
[Round "2"]
[White "Hunt, Daniel"]
[Black "Menegollo, Carlo"]
[Result "1-0"]
[WhiteElo "1754"]
[BlackElo "1889"]
[PlyCount "67"]
[EventDate "2007.08.24"]
[EventType "swiss"]
[EventRounds "8"]
[EventCountry "ITA"]
[SourceTitle "CBM 120 Extra"]
[Source "ChessBase"]
[SourceDate "2007.11.01"]
[SourceVersion "1"]
[SourceVersionDate "2007.11.01"]
[SourceQuality "1"]

1. e4 e6 2. d4 d5 3. Nc3 dxe4 4. Nxe4 Nd7 5. Nf3 Ngf6 6. Bg5 Be7 7. Bxf6 Nxf6 8. Bd3 0-0 9. 0-0 b6 10. Re1 Bb7 11. Ne5 g6 12. Qf3 Kg7 13. Qh3 Nh5 14. Qe3 Kh8 15. f4 c5 16. c3 cxd4 17. cxd4 f6 18. Nf3 e5 19. fxe5 fxe5 20. Nxe5 Bxe4 21. Bxe4 Bg5 22. Qd3 Nf4 23. Qd1 Rc8 24. g3 Nh3+ 25. Kg2 Nf2 26. Qb3 Nxe4 27. Rxe4 Qc7 28. Re2 Bf6 29. Rae1 Qb7+ 30. Kg1 Rcd8 31. Qc4 b5 32. Qc5 Kg7 33. Nc6 Qd7 34. Re7+ 1-0

[Event "Padova op-B 3rd"]
[Site "Padova"]
[Date "2000.12.10"]
[Round "6.13"]
[White "Menegollo, Carlo"]
[Black "Negro, Raffaele"]
[Result "1-0"]
[WhiteElo "1500"]
[BlackElo "1651"]
[PlyCount "119"]
[EventDate "2000.12.02"]
[EventType "swiss"]
[EventRounds "6"]
[EventCountry "ITA"]
[SourceTitle "EXT 2024"]
[Source "ChessBase"]
[SourceDate "2023.10.10"]
[SourceVersion "1"]
[SourceVersionDate "2023.10.10"]
[SourceQuality "1"]

1. e4 d6 2. d4 Nf6 3. Nc3 g6 4. h3 Bg7 5. Be3 c6 6. Qd2 b5 7. a3 Nbd7 8. Nf3 Nb6 9. Bh6 0-0 10. Bxg7 Kxg7 11. Bd3 Nc4 12. Qc1 Qc7 13. 0-0 e5 14. Bxc4 bxc4 15. dxe5 dxe5 16. Qg5 Re8 17. Rfe1 Nh5 18. Ne2 Qb6 19. Rab1 h6 20. Qd2 Nf6 21. Ng3 Ba6 22. Qc3 Rad8 23. Nxe5 Qc5 24. Ng4 Qd4 25. Qf3 Nxg4 26. Qxg4 Kh7 27. Qf3 Kg7 28. c3 Qe5 29. Rbd1 Rd6 30. Rxd6 Qxd6 31. Rd1 Qe6 32. Qe3 Qe7 33. f4 Qb7 34. Qd4+ Kg8 35. Rd2 Qb6 36. e5 Qxd4+ 37. Rxd4 Rb8 38. Rd2 Kf8 39. Ne4 Ke7 40. Kf2 Bc8 41. Nd6 Be6 42. g4 f5 43. gxf5 gxf5 44. Ke3 Rg8 45. Rf2 Bd5 46. Nxf5+ Ke6 47. Nd4+ Kf7 48. h4 Rg3+ 49. Ke2 h5 50. Rh2 Rg4 51. Ke3 Rg3+ 52. Kf2 Rg4 53. Ne2 Ke6 54. Ke3 c5 55. Rh3 Bg2 56. Rg3 Kf5 57. Rxg4 hxg4 58. Ng3+ Kg6 59. f5+ Kf7 60. Kf4 1-0

[Event "Padova op-B 3rd"]
[Site "Padova"]
[Date "2000.12.10"]
[Round "5.18"]
[White "Velluti, Alberto"]
[Black "Menegollo, Carlo"]
[Result "0-1"]
[WhiteElo "1630"]
[BlackElo "1500"]
[PlyCount "52"]
[EventDate "2000.12.02"]
[EventType "swiss"]
[EventRounds "6"]
[EventCountry "ITA"]
[SourceTitle "EXT 2024"]
[Source "ChessBase"]
[SourceDate "2023.10.10"]
[SourceVersion "1"]
[SourceVersionDate "2023.10.10"]
[SourceQuality "1"]

1. d4 Nf6 2. c4 g6 3. Nc3 d6 4. e4 h6 5. Bd3 Bg7 6. Nf3 Bg4 7. h3 Bxf3 8. Qxf3 Nc6 9. Be3 Nh7 10. Ne2 e5 11. d5 Ne7 12. Ng3 0-0 13. Rc1 c5 14. 0-0 Kh8 15. a3 Ng8 16. b4 b6 17. bxc5 bxc5 18. Rb1 Qe7 19. a4 Rab8 20. a5 a6 21. Bd2 Qc7 22. Rfc1 Bf6 23. Bxh6 Nxh6 24. Ra1 Bg5 25. Rc2 Bf4 26. Ne2 Ng5 0-1

[Event "Graticolato op-B U1700 8th"]
[Site "Santa Maria di Sala"]
[Date "2000.11.19"]
[Round "3.1"]
[White "Quaranta, Gaetano"]
[Black "Menegollo, Carlo"]
[Result "0-1"]
[WhiteElo "1609"]
[BlackElo "1500"]
[PlyCount "110"]
[EventDate "2000.11.18"]
[EventType "swiss"]
[EventRounds "6"]
[EventCountry "ITA"]
[SourceTitle "EXT 2023"]
[Source "ChessBase"]
[SourceDate "2022.10.05"]
[SourceVersion "1"]
[SourceVersionDate "2022.10.05"]
[SourceQuality "1"]

1. e4 c5 2. d4 cxd4 3. c3 dxc3 4. Nxc3 a6 5. Nf3 e6 6. Bc4 Qc7 7. Qe2 Nc6 8. 0-0 Nge7 9. Rd1 Ng6 10. Be3 b5 11. Bb3 Bb7 12. Rac1 Rd8 13. Nd5 Qb8 14. Bb6 Rc8 15. Nc3 Be7 16. Qd2 d6 17. a4 b4 18. Ne2 a5 19. Nfd4 0-0 20. Nxc6 Bxc6 21. Bxa5 Bxe4 22. Nd4 Qa8 23. Rxc8 Rxc8 24. Bxb4 Bxg2 25. f4 Bh3 26. Nb5 d5 27. Bxe7 Nxe7 28. Nd4 Qa7 29. Kh1 h6 30. Rg1 Bf5 31. Qe3 Be4+ 32. Rg2 Bxg2+ 33. Kxg2 Nc6 34. Nc2 Qxe3 35. Nxe3 Rb8 36. Bd1 Rxb2+ 37. Kg3 Na5 38. f5 d4 39. fxe6 fxe6 40. Ng2 e5 41. Kf3 e4+ 42. Kxe4 Rxg2 43. h3 Rg1 44. Bg4 Nc6 45. Be6+ Kh7 46. Bd5 Rc1 47. Bb3 Rc3 48. Be6 Re3+ 49. Kd5 Rxe6 50. Kxe6 d3 51. Kd6 Na7 52. a5 d2 53. Kc7 d1Q 54. Kb7 Qd7+ 55. Ka8 Nc6 0-1